BAREJA, RAJESH (Record no. 33391)

MARC details
000 -LEADER
fixed length control field 00424nam a22001697a 4500
003 - CONTROL NUMBER IDENTIFIER
control field SGT
020 ## - INTERNATIONAL STANDARD BOOK NUMBER
International Standard Book Number 9789388022767
082 ## - DEWEY DECIMAL CLASSIFICATION NUMBER
Classification number 616.01
100 ## - MAIN ENTRY--PERSONAL NAME
Personal name R23B
245 ## - TITLE STATEMENT
Title BAREJA, RAJESH
Remainder of title RB'S PRACTICAL MEDICAL MICROBIOLOGY FOR BMLT
250 ## - EDITION STATEMENT
Edition statement 1ST
260 ## - PUBLICATION, DISTRIBUTION, ETC. (IMPRINT)
Place of publication, distribution, etc INDIA
Name of publisher, distributor, etc INNOVATIVE PUB
Year of Publication 2023
300 ## - PAGE DESCRIPTION
No. of Pages 138
650 ## - SUBJECT ADDED ENTRY--TOPICAL TERM
Topical term or geographic name as entry element MICROBIOLOGY
653 ## - KEYWORDS--INDEX TERM
Keyword term RB'S PRACTICAL MEDICAL MICROBIOLOGY FOR BMLT
942 ## - ADDED ENTRY ELEMENTS (KOHA)
Source of classification or shelving scheme Dewey Decimal Classification
Koha item type Books

No items available.